Ulrich's international periodicals directory 1994-95: iincluding irregular serials & annuals (Record no. 22436)

MARC details
000 -LEADER
fixed length control field 00978nam a2200157Ia 4500
082 ## - DEWEY DECIMAL CLASSIFICATION NUMBER
Classification number RR 050.25 ULR-
245 #0 - TITLE STATEMENT
Title Ulrich's international periodicals directory 1994-95: iincluding irregular serials & annuals
250 ## - EDITION STATEMENT
Edition statement 33rd
260 ## - PUBLICATION, DISTRIBUTION, ETC. (IMPRINT)
Place of publication New Jersey
Name of publisher R.R. Bowker
Year of publication 1994
500 ## - GENERAL NOTE
General note The bowker international serials database
500 ## - GENERAL NOTE
General note contents: Vol.1 (A-D) (0-8352-3538-6), (lxvi,1908p.) - v.2 (E-L), (0-8352-3539-4), (lxvi,1909 - 3732p.) - v.3 (M-Z), (0-8352-3540-8), (lxvi, 3733-5984p.) - v.4 (Indexes), (0-8352-3541-6), (lxvi, 5986 - 8441p.) - v.5 (Newspapers), (0-8352-3538-6), (xiii, 548p.) - Acc no. D325-D329 (36th ed.), (1997), (0-8352-3967-5) - Acc no. D325 (xlix, 2307p.) - Acc no. D326 (xlix, 4539p.) - Acc no. D327 (xlix, 7350p.) - Acc no. D328 (xlix, 9718p.) - Acc no. D329 (xlix, 11000p.)
650 ## - SUBJECT ADDED ENTRY--TOPICAL TERM
Topical Term Ulrich's international periodicals directory
Geographic subdivision 1994-95
650 ## - SUBJECT ADDED ENTRY--TOPICAL TERM
Topical Term Periodicals
Form subdivision Directories
Geographic subdivision 1994-95
700 ## - ADDED ENTRY--PERSONAL NAME
Personal name Salk, Judith
942 ## - ADDED ENTRY ELEMENTS (KOHA)
Koha item type Books
Source of classification or shelving scheme Dewey Decimal Classification
Holdings
Withdrawn status Lost status Damaged status Not for loan Home library Current library Date acquired Serial Enumeration / chronology Bill Date Full call number Accession Number Price effective from Koha item type Collection code
        NASSDOC Library NASSDOC Library 08/06/2004 V.1 2008-12-30 RR 050.25 ULR- 35351 18/04/2019 Books  
        NASSDOC Library NASSDOC Library 08/06/2004 V.2 2008-12-30 RR 050.25 ULR- 35352 18/04/2019 Books  
        NASSDOC Library NASSDOC Library 08/06/2004 V.3 2008-12-30 RR 050.25 ULR- 35353 18/04/2019 Books  
        NASSDOC Library NASSDOC Library 08/06/2004 V.4 2008-12-30 RR 050.25 ULR- 35354 18/04/2019 Books  
        NASSDOC Library NASSDOC Library 08/06/2004 V.5 2008-12-30 RR 050.25 ULR- 35355 18/04/2019 Books  
        NASSDOC Library NASSDOC Library 19/09/2016 V.1 2005-02-11 RR 050.25 ULR- D000325 18/04/2019 Books Docas Books
        NASSDOC Library NASSDOC Library 19/09/2016 V.2 2005-02-11 RR 050.25 ULR- D000326 18/04/2019 Books Docas Books
        NASSDOC Library NASSDOC Library 19/09/2016 V.3 2005-02-11 RR 050.25 ULR- D000327 18/04/2019 Books Docas Books
        NASSDOC Library NASSDOC Library 19/09/2016 V.4 2005-02-11 RR 050.25 ULR- D000328 18/04/2019 Books Docas Books
        NASSDOC Library NASSDOC Library 19/09/2016 V.5 2005-02-11 RR 050.25 ULR- D000329 18/04/2019 Books Docas Books